Animes / Mangas nom du personnage principal - Statistiques

Statistiques générales
  • Ce quiz a été pris 282 fois
    173 depuis la dernière actualisation
  • Le résultat moyen est 46 sur 180
Statistiques - réponses
Anime / Manga Personnage Principal % Correct
One Piece Monkey D. Luffy
89%
Naruto Naruto Uzumaki
89%
Boruto Boruto Uzumaki
87%
Pokémon Sacha Ketchum (Satoshi)
86%
One Punch Man Saitama
84%
L'Attaque des Titans Eren Jaeger
83%
Hunter X Hunter Gon Freecss
83%
My Hero Academia Izuku Midoriya
82%
Dragon Ball Son Goku
82%
Fairy Tail Natsu Dragnir
80%
Death Note Light Yagami
77%
Détective Conan Shinichi Kudo (Conan Edogawa)
76%
Demon Slayer Tanjiro Kamado
76%
Assassination Classroom Nagisa Shiota
74%
Bleach Ichigo Kurosaki
73%
Jujutsu Kaisen Yuji Itadori
73%
Baki Baki Hanma
71%
Spy X Family Loid Forger (Twilight)
70%
Tokyo Ghoul Ken Kaneki
68%
Black Clover Asta
66%
Seven Deadly Sins Meliodas
66%
Fullmetal Alchemist Edward Elric
65%
Ken le Survivant Kenshirô
64%
Berserk Guts
63%
Chainsaw Man Denji
61%
The Promised Neverland Emma
61%
Haikyu!! Hinata Shoyo
61%
Nana Nana Osaki / Nana Komatsu
61%
Dr. STONE Senku Ishigami
61%
Kuroko no Basket Tetsuya Kuroko
61%
Mashle Mash Burnedead
59%
GTO Eikichi Onizuka
58%
Jojo's Bizarre Adventure Jonathan Joestar
57%
Code Geass Lelouch vi Britannia
57%
Captain Tsubasa / Olive et Tom Tsubasa Ozora (Olivier Atton)
57%
Violet Evergarden Violet Evergarden
56%
Sword Art Online Kazuto Kirigaya (Kirito)
53%
Tokyo Revengers Takemichi Hanagaki
53%
Kaguya Sama - Love is War Kaguya Shinomiya / Miyuki Shirogane
51%
City Hunter / Nicky Larson Ryô Saeba (Nicky Larson)
51%
Vinland Saga Thorfinn Thorsson
51%
Mob Psycho 100 Shigeo Kageyama (Mob)
50%
Blue Lock Yoichi Isagi
50%
Frieren Frieren
49%
Hajime no Ippo Ippo Makunouchi
49%
Food Wars Sôma Yukihira
45%
Sakamoto, pour vous servir ! Sakamoto
44%
Yu-Gi-Oh! Yugi Muto
43%
Oshi no Ko Aquamarine Hoshino
42%
Inazuma Eleven Mark Evans (Endou Mamoru)
42%
Albator Albator (Harlock)
39%
Solo Leveling Sung Jinwoo
39%
Fire Force Shinra Kusakabe
36%
Les Chevaliers du Zodiaque Seiya
35%
Moi, Quand je me Réincarne en Slime Limule Tempest (Satoru Mikami)
34%
Ranma ½ Ranma Saotome
34%
Blue Exorcist Rin Okumura
34%
Classroom of the Elite Kiyotaka Ayanokôji
32%
Kotarô en Solo Kotarô Satô
32%
Black Butler Ciel Phantomhive
31%
Hell's Paradise Gabimaru
31%
Iruma à l'École des Démons Iruma Suzuki
29%
Horimiya Kyôko Hori
29%
Re:Zero Natsuki Subaru
28%
Gintama Gintoki Sakata
27%
Toriko Toriko
27%
Inu-Yasha Inuyasha
26%
Dandadan Momo Ayase
25%
Saiki Kusuo no Psi-nan Saiki Kusuo
23%
Moriarty the Patriot William James Moriarty
23%
Bonne Nuit Punpun Punpun Punyama
22%
Cobra Cobra
21%
Wind Breaker Haruka Sakura
21%
No Game No Life Sora
21%
Kaiji Kaiji Itô
20%
Gambling School Yumeko Jabami
20%
Nadia : Le Secret de l'Eau Bleue Nadia La Arwall
19%
Sherlock Hound Sherlock Holmes
19%
Yo-kai Watch Nathan Adams (Keita Amano)
18%
Cowboy Bebop Spike Spiegel
18%
My Dress up Darling Wakana Gojo
18%
Noragami Yato
18%
Wakfu Yugo
18%
Mushoku Tensei Rudeus Greyrat
17%
Cyberpunk: Edgerunners David Martinez
16%
Banana Fish Ash Lynx
15%
Toilet-Bound Hanako-kun Nene Yashiro
15%
Four Knights of the Apocalypse Perceval
15%
Last Hero Inuyashiki Ichirô Inuyashiki
14%
Kingdom Ri Shin
14%
Parasite Shinichi Izumi
14%
Beastars Legoshi
13%
Edens Zero Shiki Granbell
13%
Evangelion Shinji Ikari
13%
Akame ga Kill! Tatsumi
13%
Devilman Crybaby Akira Fudo
12%
Tower of God Bam
12%
Overlord Ainz Ooal Gown (Momonga)
11%
Kaiju n°8 Kafka Hibino
11%
Monster Kenzô Tenma
11%
Your Lie in April Kousei Arima
11%
Soul Eater Maka Albarn
11%
Sailor Moon Usagi Tsukino (Bunny)
11%
Shangri-La Frontier Rakuro Hizutome (Sunraku)
10%
Death Parade Decim
9%
Darling in the Franxx Hiro
9%
Hellsing Alucard
8%
Ao Ashi Aoi Ashito
8%
Bungo Stray Dogs Atsushi Nakajima
8%
Konosuba Kazuma Satô
8%
The Rising of the Shield Hero Naofumi Iwatani
8%
Bunny Girl Senpai Sakuta Azusagawa
8%
Scissor Seven Sept
8%
Mirai Nikki Yukiteru Amano
8%
Yû Yû Hakusho Yûsuke Urameshi
8%
Zom 100: Bucket List of the Dead Akira Tendô
7%
Erased Satoru Fujinuma
7%
Eyeshield 21 Sena Kobayakawa
7%
Goldorak Actarus
6%
D.Gray-Man Allen Walker
6%
Ranking of Kings Bojji
6%
The Eminence in Shadow Cid Kagenô
6%
Call of the Night Kô Yamori
6%
Danganronpa Makoto Naegi
6%
Gurren Lagann Simon
6%
Shaman King Yoh Asakura
6%
Tomodachi Game Yûichi Katagiri
6%
Komi Cherche ses Mots Hitohito Tadano
5%
The God of High School Jin Mo-Ri
5%
Black Lagoon Okajima Rokuro (Rock)
5%
Made in Abyss Riko
5%
Trigun Vash the Stempede
5%
Psycho-Pass Akane Tsunemori
4%
Slam Dunk Hanamichi Sakuragi
4%
The Quintessential Quintuplets Fûtarô Uesugi
4%
Samurai Champloo Mugen
4%
Steins;Gate Rintaro Okabe (Hououin Kyouma)
4%
Radiant Seth
4%
Le Garçon d'à Coté Shizuku Mizutani
4%
Akira Shôtarô Kaneda
4%
Vagabond Takezo Shinmen (Miyamoto Musashi)
4%
Beelzebub Tatsumi Oga
4%
Charlotte Yû Otosaka
4%
Valkyrie Apocalypse Brunehilde
3%
Kill la Kill Ryûko Matoi
3%
Fate Shirou Emiya / Kiritsugu Emiya
3%
Highschool of the Dead Takashi Komuro
3%
Initial D Takumi Fujiwara
3%
High School DxD Issei Hyoudou
2%
Rent-A-Girlfriend Kazuya
2%
Prison School Kiyoshi Fujino
2%
Another Kôichi Sakakibara
2%
Toradora! Ryûji Takasu
2%
Golden Kamui Saichi Sugimoto
2%
Reborn! Tsunayoshi Sawada
2%
Angel Beats! Yuzuru Otonashi
2%
Dorohedoro Caiman
1%
Claymore Clare
1%
Pluto Gesicht
1%
Gantz Kei Kurono
1%
20th Century Boys Kenji Endô
1%
Billy Bat Kevin Yamagata
1%
My Hero Academia: Vigilantes Koichi Haimawari
1%
Tengoku Daimakyou Maru
1%
Durarara!! Mikado Ryûgamine
1%
Bakuman Moritaka Mashiro
1%
Arrête de me Chauffer, Nagatoro Naoto Hachiouji
1%
Domestic Girlfriend Natsuo Fujii
1%
L'Ère des Cristaux Phosphophyllite
1%
Rainbow Rokurôta Sakuragi (Anchan)
1%
Clannad Tomoya Okazaki
1%
K-ON! Yui Hirasawa
1%
Sky High Survival Yuri Honjo
1%
Mushishi Ginko (Yoki)
0%
Grand Blue Iori Kitahara
0%
Le Piano dans la Forêt Kai Ichinose
0%
Bakemonogatari Koyomi Araragi
0%
Spice and Wolf Kraft Lawrence
0%
Ghost in the Shell Motoko Kusanagi
0%
Gleipnir Shuichi Kagaya
0%
Aucun quiz correspondant
Distribution des résultats
% des personnes avec chaque résultat
Percentile par nombre de réponses
Votre historique - résultats
Vous n’avez pas pris ce quiz depuis la dernière actualisation